<?xml version="1.0" encoding="UTF-8"?><?xml-stylesheet type="text/xsl" href="static/style.xsl"?><OAI-PMH xmlns="http://www.openarchives.org/OAI/2.0/" xmlns:xsi="http://www.w3.org/2001/XMLSchema-instance" xsi:schemaLocation="http://www.openarchives.org/OAI/2.0/ http://www.openarchives.org/OAI/2.0/OAI-PMH.xsd"><responseDate>2026-06-07T13:54:31Z</responseDate><request verb="GetRecord" identifier="oai:docta.ucm.es:20.500.14352/41993" metadataPrefix="marc">https://docta.ucm.es/rest/oai/request</request><GetRecord><record><header><identifier>oai:docta.ucm.es:20.500.14352/41993</identifier><datestamp>2024-07-29T16:57:49Z</datestamp><setSpec>com_20.500.14352_14</setSpec><setSpec>col_20.500.14352_15</setSpec></header><metadata><record xmlns="http://www.loc.gov/MARC21/slim" xmlns:dcterms="http://purl.org/dc/terms/" xmlns:xsi="http://www.w3.org/2001/XMLSchema-instance" xmlns:doc="http://www.lyncode.com/xoai" xsi:schemaLocation="http://www.loc.gov/MARC21/slim http://www.loc.gov/standards/marcxml/schema/MARC21slim.xsd">
   <leader>00925njm 22002777a 4500</leader>
   <datafield ind2=" " ind1=" " tag="042">
      <subfield code="a">dc</subfield>
   </datafield>
   <datafield ind2=" " ind1=" " tag="720">
      <subfield code="a">Villaseca González, Carlos</subfield>
      <subfield code="e">author</subfield>
   </datafield>
   <datafield ind2=" " ind1=" " tag="720">
      <subfield code="a">Belousova, Elena</subfield>
      <subfield code="e">author</subfield>
   </datafield>
   <datafield ind2=" " ind1=" " tag="720">
      <subfield code="a">Orejana García, David</subfield>
      <subfield code="e">author</subfield>
   </datafield>
   <datafield ind2=" " ind1=" " tag="720">
      <subfield code="a">Castiñeiras García, Pedro</subfield>
      <subfield code="e">author</subfield>
   </datafield>
   <datafield ind2=" " ind1=" " tag="720">
      <subfield code="a">Pérez-Soba Aguilar, Cecilia María</subfield>
      <subfield code="e">author</subfield>
   </datafield>
   <datafield ind2=" " ind1=" " tag="260">
      <subfield code="c">2011</subfield>
   </datafield>
   <datafield ind2=" " ind1=" " tag="520">
      <subfield code="a">Hf-isotope analyses in previously dated zircon crystals from four Variscan granulite-facies rocks from
central Iberia have been studied to examine crustal evolution processes. Two samples are from exposed
migmatite terranes, the other two are granulite xenoliths from lower crustal levels. Hf model ages show
that lower crustal granulites display a bigger contribution of Archean components than exposed highgrade
rocks (14% of the zircon population instead of 6%), reinforcing ideas of preservation of ancient
crustal material in the lower crust. The distribution of age-Hf isotope data from zircon suggests two
juvenile crust formation events in central Iberia: the main one during the Neoproterozoic (540–620 Ma)
and a possible second Mesoproterozoic event around 1.0–1.2 Ga. Magmatism appears in the Central
Iberian Zone exclusively related to that younger juvenile addition. Hf data of granulite zircons agrees
with recent palaeogeographical reconstruction models which present central Iberia as a peri-Gondwanan
terrane located between the West African craton and the Arabian shield, far from the Amazonia
microplate.</subfield>
   </datafield>
   <datafield ind1="8" ind2=" " tag="024">
      <subfield code="a">0301-9268</subfield>
   </datafield>
   <datafield ind1="8" ind2=" " tag="024">
      <subfield code="a">https://hdl.handle.net/20.500.14352/41993</subfield>
   </datafield>
   <datafield ind1="8" ind2=" " tag="024">
      <subfield code="a">http://www.elsevier.com/locate/precamres</subfield>
   </datafield>
   <datafield ind2="0" ind1="0" tag="245">
      <subfield code="a">Presence of Palaeoproterozoic and Archean components in the granulite-facies
rocks of central Iberia: The Hf isotopic evidence</subfield>
   </datafield>
</record></metadata></record></GetRecord></OAI-PMH>